Statystyki dla Najczęstsze Języki europejskie na Mapie

Kliknij tutaj aby rozwiązać quiz!

Ogólne statystyki

  • Ten quiz został rozwiązany 4 812 razy
  • Średni wynik to 29 z 43

Odpowiedzi na mapie

Odpowiedzi skodowane kolorowo w zielono-czerwonej skali na mapie do tego quizu, zgodnie z poniższymi procentami.
 

Statystyki odpowiedzi

#język% Poprawnych
60 milangielski
99%
39 milpolski
99%
97 milniemiecki
98%
106 milrosyjski
98%
66 milfrancuski
97%
38 milhiszpański
97%
10 milportugalski
97%
65 milwłoski
97%
32 milukraiński
95%
4.7 milnorweski
93%
10 milczeski
91%
5.5 milduński
90%
11 milgrecki
90%
5.2 milsłowacki
88%
3.3 milbiałoruski
87%
1.1 milestoński
87%
24 milrumuński
86%
9.1 milszwedzki
85%
5.6 milchorwacki
83%
13 milwęgierski
82%
3.0 millitewski
81%
1.7 milłotewski
80%
7.8 milbułgarski
77%
9.0 milserbski
76%
5.4 milalbański
72%
5.4 milfiński
72%
12 milturecki
72%
2.1 milsłoweński
71%
4.0 milkataloński
65%
1.4 milmacedoński
63%
2.5 milbośniacki
59%
22 milniderlandzki
51%
4.7 milsycylijski
46%
1.2 milsardyński
34%
1.0 milkazachski
28%
3.8 milwenecki
22%
1.4 milczeczeński
16%
5.7 milneapolitański
15%
2.4 milgalicyjski
12%
3.6 millombardzki
8%
1.6 milpiemoncki
5%
1.5 milcygański
4%
1.1 milczuwaski
1%

Rozkład punktacji

Percentyl według liczby udzielonych odpowiedzi

Procent ludzi z każdym wynikiem

Twoja historia wyników

Nie rozwiązałeś tego quizu